| 000 | 00638nam a2200169Ia 4500 | ||
|---|---|---|---|
| 001 | 6627 | ||
| 008 | 260622s9999 xx 000 0 und d | ||
| 245 | 0 |
_aرحلة بالداسار: رواية/ _cامين معلوف. ترحجة: روز مخلوف |
|
| 260 |
_aدمشق؛ _bورد للطباعة و النشر و التوضيع؛ _c2000 |
||
| 300 |
_a413p; _c22x14cm |
||
| 505 | _aOriginal title: Le Periple de Baldassare. Author: Amin Maalouf; Tr: Rose Makhlouf | ||
| 546 | _aArabic | ||
| 650 | _aPJ7501-8517 Arabic literature | ||
| 655 |
_aFiction رواية _99478 |
||
| 700 |
_aMaalouf, Amin امين معلوف _99479 |
||
| 942 | _cBK | ||
| 999 |
_c6627 _d6627 |
||